Využitie Actinomucor elegans na produckiu lipidov a enzýmov polosuchými kultiváciami

Na minha lista:
Detalhes bibliográficos
Autor principal: Filipová, Tatiana (Author)
Outros Autores: Klempová, Tatiana (Thesis advisor)
Formato: Manuscrito Livro
Idioma:eslovaco
Publicado em: 2017
Assuntos:
Acesso em linha:http://is.stuba.sk/zp/portal_zp.pl?podrobnosti=128521
Tags: Adicionar Tag
Sem tags, seja o primeiro a adicionar uma tag!

MARC

LEADER 00000ntm a22000003a 4500
001 stuzp64933
003 SK-STU
005 20170610211359.9
007 ta
008 150427s2015----xo-----f-mn---000-0-slo-d
040 |a STU  |b slo 
041 0 |a slo 
100 1 |a Filipová, Tatiana  |u 044000  |4 aut  |U FCHPT Fakulta chemickej a potravinárskej technológie  |T FCHPT Ústav biotechnológie  |X 70741  |U C4000  |Y 102  |7 70741 
242 0 1 |a Production of lipids and enzymes using Actinomucor elegans in process of solid-state fermentation  |y eng 
245 1 0 |a Využitie Actinomucor elegans na produckiu lipidov a enzýmov polosuchými kultiváciami 
260 |c 2017 
650 4 |a polosuché fermentácie  |2 slo 
650 4 |a polynenasýtené mastné kyseliny  |2 slo 
650 4 |a kyselina gama-linolénová  |2 slo 
650 4 |a amylázy  |2 slo 
650 4 |a proteázy  |2 slo 
650 4 |a polyunsaturated fatty acids  |2 eng 
650 4 |a proteases  |2 eng 
650 4 |a solid-state fermentations  |2 eng 
650 4 |a gamma-linolenic acid  |2 eng 
650 4 |a amylases  |2 eng 
700 1 |a Klempová, Tatiana  |u 044000  |k Z1  |4 ths  |U FCHPT Fakulta chemickej a potravinárskej technológie  |T FCHPT Ústav biotechnológie  |X 21604  |U C4000  |Y 102  |7 A000021604 
856 4 |u http://is.stuba.sk/zp/portal_zp.pl?podrobnosti=128521